00826nam a2200241I1 4500008004100000049000900041090001500050100002100065245009200086250001200178260004400190300002600234650003600260650003200296700001700328907003500345003000100380005001700381040000900398942002200407999001900429952013600448  aMAIN aQH207bEMM aEmmel, Victor M.00aLaboratory technique in biology and medicine.c[by] Victor M. Emmel [and] E. V. Cowdry. a4th ed. aBaltimore :bWilliams & Wilkins,c1964. axxxiv, 453 p.c24 cm. 2aMicroscopyxlaboratory manuals. 2aMedical Laboratory Science. aCowdry, E V. a.b10366234b18-11-15c18-11-1520230123122158.0 cNUST cBOOKSkQH207mEMM c129169d129169 r2023-01-23 00:00:00l0oQH207 EMMp92004037487v80.00w2023-01-23yBOOKS102LCC40708NFIC00aMAINbMAINcGENd2023-01-23g80.00